Cẩm nang Đông y

Đã lưu trong:
書目詳細資料
主要作者: Minh Châu
格式: 圖書
語言:Undetermined
出版: Đồng Tháp Nxb. Đồng Tháp 1991
主題:
標簽: 添加標簽
沒有標簽, 成為第一個標記此記錄!
Thư viện lưu trữ: Trung tâm Học liệu Trường Đại học Cần Thơ
LEADER 00511nam a2200181Ia 4500
001 CTU_40149
008 210402s9999 xx 000 0 und d
082 |a 615.882 
082 |b M312 
100 |a Minh Châu 
245 0 |a Cẩm nang Đông y 
245 0 |c Minh Châu 
260 |a Đồng Tháp 
260 |b Nxb. Đồng Tháp 
260 |c 1991 
650 |a folk medicine - formulae, receipts, prescriptions 
904 |i Minh, 010205 
980 |a Trung tâm Học liệu Trường Đại học Cần Thơ